| 000 | 00554nam a22001817a 4500 | ||
|---|---|---|---|
| 005 | 20170921121730.0 | ||
| 010 | _aENG-120443 | ||
| 020 | _c300.00 | ||
| 035 | _aEN-103975 | ||
| 037 | _bDBAD/PUB | ||
| 082 | _a615.892 | ||
| 100 | _aWahaab,S.Nargis | ||
| 245 |
_aSecrets of acupuncture / _cby S.Nargis Wahaab |
||
| 260 |
_aChennai _bWahaab's pranic acupuncture & complementary therapies _c2011 |
||
| 270 |
_bChennai _a55,thirumalai Pillai Road,T.Nagar _e600017 |
||
| 300 |
_a222p. _c22cm(pbk) _bill. |
||
| 942 |
_cEN _h615.892 _mWAH _2ddc |
||
| 999 |
_c145175 _d145175 |
||